[Event "Salou Salauris op 1st"]
[Site "Salou"]
[Date "2021.06.26"]
[Round "3"]
[White "Pros Heras, Jordi"]
[Black "Garustovich Ramirez, Nicolas"]
[Result "1-0"]
[WhiteElo "2135"]
[BlackElo "1683"]
[PlyCount "99"]
[EventDate "2021.06.25"]
[EventType "swiss"]
[EventRounds "7"]
[EventCountry "ESP"]
[SourceTitle "CBM 203 Extra"]
[Source "ChessBase"]
[SourceDate "2021.09.30"]
[SourceVersion "1"]
[SourceVersionDate "2021.09.30"]
[SourceQuality "1"]

1. d4 d5 2. c4 c6 3. Nc3 e6 4. e3 Ne7 5. Nf3 Ng6 6. h4 Nd7 7. h5 Ne7 8. Bd2 a6 9. Rc1 c5 10. dxc5 Nxc5 11. b4 Nd7 12. cxd5 exd5 13. Nd4 Nf6 14. f3 Nc6 15. Nxc6 bxc6 16. Ne2 Bb7 17. Nd4 Qd7 18. Bd3 Qc7 19. Kf2 Rd8 20. Qa4 Rd6 21. Bxa6 Bxa6 22. Qxa6 Be7 23. Rxc6 Rxc6 24. Qxc6+ Qxc6 25. Nxc6 Bd6 26. Nd4 0-0 27. h6 g6 28. a4 Nd7 29. a5 Ne5 30. Ke2 f5 31. b5 Bc5 32. Ne6 Rc8 33. Rc1 Nc4 34. b6 Bxb6 35. axb6 Rb8 36. Rb1 Rxb6 37. Rxb6 Nxb6 38. Kd3 Kf7 39. Ng5+ Kg8 40. Kd4 Nc4 41. Bc1 Nb6 42. Kc5 Nd7+ 43. Kxd5 Nf6+ 44. Ke6 Nh5 45. Bb2 Ng3 46. Be5 Ne2 47. e4 fxe4 48. fxe4 Nc1 49. Kd7 Nd3 50. Bd6 1-0

[Event "Salou Salauris op 1st"]
[Site "Salou"]
[Date "2021.06.25"]
[Round "1"]
[White "Makaryan Vanyan, Rafael"]
[Black "Garustovich Ramirez, Nicolas"]
[Result "0-1"]
[WhiteElo "1271"]
[BlackElo "1683"]
[PlyCount "70"]
[EventDate "2021.06.25"]
[EventType "swiss"]
[EventRounds "7"]
[EventCountry "ESP"]
[SourceTitle "CBM 203 Extra"]
[Source "ChessBase"]
[SourceDate "2021.09.30"]
[SourceVersion "1"]
[SourceVersionDate "2021.09.30"]
[SourceQuality "1"]

1. e4 c5 2. Bc4 e6 3. Nf3 Nc6 4. c3 Nge7 5. d4 Ng6 6. 0-0 Be7 7. Be3 Na5 8. Nbd2 Nxc4 9. Nxc4 b5 10. Ncd2 c4 11. a4 Ba6 12. axb5 Bxb5 13. b3 cxb3 14. Qxb3 Bxf1 15. Kxf1 0-0 16. d5 Qc7 17. dxe6 fxe6 18. Bd4 Kh8 19. c4 e5 20. Bb2 d6 21. Qc3 a5 22. Ne1 Rfb8 23. g3 Nf8 24. f4 Bf6 25. Nef3 exf4 26. e5 dxe5 27. Ne4 fxg3 28. Nxf6 gxh2 29. Kg2 gxf6 30. Rh1 Qb6 31. Ng5 Qxb2+ 32. Qxb2 Rxb2+ 33. Kg3 fxg5 34. Rxh2 Rxh2 35. Kxh2 a4 0-1

[Event "Tarragona-ch Seniors"]
[Site "Cambrils"]
[Date "2020.02.27"]
[Round "6.15"]
[White "Mercade Dolcet, Juan Maria"]
[Black "Garustovich Ramirez, Nicolas"]
[Result "1/2-1/2"]
[WhiteElo "1607"]
[BlackElo "1664"]
[PlyCount "76"]
[EventDate "2020.01.23"]
[EventType "swiss"]
[EventRounds "8"]
[EventCountry "ESP"]
[SourceTitle "EXT 2024"]
[Source "ChessBase"]
[SourceDate "2023.10.10"]
[SourceVersion "1"]
[SourceVersionDate "2023.10.10"]
[SourceQuality "1"]

1. Nf3 d5 2. g3 Nc6 3. Bg2 e5 4. d3 Nge7 5. 0-0 Ng6 6. a3 Be7 7. Nc3 0-0 8. b3 f5 9. Bb2 Bf6 10. e4 fxe4 11. dxe4 d4 12. Nd5 Bg4 13. h3 Bxf3 14. Bxf3 Bg5 15. Bc1 a5 16. Bxg5 Qxg5 17. Nxc7 Rxf3 18. Qxf3 Rc8 19. Ne6 Qe7 20. Qg4 Re8 21. Ng5 h6 22. Nf3 Kh7 23. h4 Qf6 24. Kg2 Kg8 25. Rh1 Rf8 26. h5 Nh8 27. Raf1 Ne7 28. Nh4 Qc6 29. Qe2 Nf7 30. f4 Rc8 31. Rc1 Qd6 32. Rhf1 Rc3 33. Rf3 Qxa3 34. Rxc3 dxc3 35. Rf1 Qc5 36. Ng6 Nxg6 37. hxg6 Nd6 38. Qd3 b5 1/2-1/2

[Event "Tarragona-ch Seniors"]
[Site "Cambrils"]
[Date "2020.02.13"]
[Round "4.15"]
[White "Garustovich Ramirez, Nicolas"]
[Black "Pinto Guell, Emilio"]
[Result "1-0"]
[WhiteElo "1664"]
[BlackElo "1613"]
[PlyCount "45"]
[EventDate "2020.01.23"]
[EventType "swiss"]
[EventRounds "8"]
[EventCountry "ESP"]
[SourceTitle "EXT 2024"]
[Source "ChessBase"]
[SourceDate "2023.10.10"]
[SourceVersion "1"]
[SourceVersionDate "2023.10.10"]
[SourceQuality "1"]

1. e4 c5 2. Ne2 e6 3. Ng3 Nc6 4. b3 Nf6 5. Bb2 d6 6. Be2 Bd7 7. 0-0 a6 8. d3 Qc7 9. c4 0-0-0 10. Qd2 Be7 11. Nc3 h5 12. f4 h4 13. Nh1 Nd4 14. Rfd1 Bc6 15. a3 d5 16. cxd5 exd5 17. e5 Nd7 18. Rac1 f6 19. b4 fxe5 20. f5 Rdf8 21. a4 Nb6 22. b5 Nc4 23. dxc4 1-0

[Event "Tarragona Province-ch"]
[Site "Tarragona"]
[Date "2015.11.15"]
[Round "7"]
[White "Romero Mendez, Antonio"]
[Black "Garustovich Ramirez, Nicolas"]
[Result "0-1"]
[WhiteElo "2102"]
[BlackElo "1858"]
[PlyCount "120"]
[EventDate "2015.09.27"]
[EventType "swiss"]
[EventRounds "9"]
[EventCountry "ESP"]
[SourceTitle "EXT 2017"]
[Source "ChessBase"]
[SourceDate "2016.10.25"]
[SourceVersion "1"]
[SourceVersionDate "2016.10.25"]
[SourceQuality "1"]

1. d4 d5 2. e3 e6 3. Bd3 g6 4. f4 Qh4+ 5. g3 Qe7 6. Nf3 Nf6 7. Nbd2 Bg7 8. 0-0 0-0 9. c3 b6 10. e4 c5 11. e5 Ng4 12. Qe2 c4 13. Bc2 h5 14. h3 Nh6 15. Nh4 Nf5 16. Nxf5 exf5 17. Nf3 Bd7 18. Be3 b5 19. a3 a5 20. Rae1 b4 21. axb4 axb4 22. Qg2 b3 23. Bd1 Ra2 24. Rf2 Bc6 25. g4 fxg4 26. hxg4 hxg4 27. Qxg4 Bd7 28. Qg3 Bf5 29. Rh2 Rd8 30. Nh4 Qe6 31. Nxf5 Qxf5 32. Bg4 Qd3 33. Rg2 Rxb2 34. Rxb2 Qxc3 35. Qf2 Qb4 36. Reb1 Nc6 37. Bd2 Qb6 38. Bc3 Na7 39. Kg2 Nb5 40. Qd2 Ra8 41. Bf3 Qe6 42. Kg3 Bf8 43. Rh1 Qc6 44. Qh2 Bg7 45. Bb4 f5 46. Bc5 Kf7 47. Qg2 Nc3 48. Rc1 Ne4+ 49. Bxe4 fxe4 50. Kf2 Qe6 51. Rg1 c3 52. Re2 c2 53. Qg3 Rb8 54. Qc3 Qf5 55. Ke3 Rh8 56. Reg2 Rh3+ 57. Rg3 Qg4 58. Kf2 Rh2+ 59. R1g2 Qxf4+ 60. Kg1 Rxg2+ 0-1

[Event "Tarragona-ch Seniors"]
[Site "Cambrils"]
[Date "2015.02.05"]
[Round "2.9"]
[White "Trenchs Agullet, Magi"]
[Black "Garustovich Ramirez, Nicolas"]
[Result "1-0"]
[WhiteElo "1844"]
[BlackElo "1921"]
[PlyCount "125"]
[EventDate "2015.01.29"]
[EventType "swiss"]
[EventRounds "8"]
[EventCountry "ESP"]
[SourceTitle "EXT 2024"]
[Source "ChessBase"]
[SourceDate "2023.10.10"]
[SourceVersion "1"]
[SourceVersionDate "2023.10.10"]
[SourceQuality "1"]

1. c4 c5 2. Nc3 Nc6 3. g3 Nf6 4. Bg2 e6 5. e4 Ne5 6. d3 Be7 7. Nf3 Nxf3+ 8. Qxf3 d6 9. 0-0 0-0 10. b3 a6 11. Bb2 Nd7 12. Rad1 Rb8 13. Qe2 b5 14. Nb1 b4 15. f4 Qa5 16. Bc1 Bf6 17. Qc2 g6 18. Nd2 Bd4+ 19. Kh1 Bb7 20. Nf3 Bg7 21. Rde1 Qc7 22. Bb2 f6 23. Bh3 Rbe8 24. Qe2 a5 25. Bg2 Nb6 26. d4 a4 27. dxc5 dxc5 28. e5 f5 29. Rd1 h6 30. Rd6 Nc8 31. Rd2 Bc6 32. Rfd1 Qb7 33. Ne1 a3 34. Bc1 Kh7 35. Rd7 Qb6 36. Bxc6 Qxc6+ 37. Qg2 Qxg2+ 38. Kxg2 g5 39. Be3 gxf4 40. gxf4 Kh8 41. Bxc5 Rg8 42. Kh1 Bf8 43. Nd3 Bxc5 44. Nxc5 Rg4 45. Rd8 Reg8 46. Rxg8+ Rxg8 47. Nxe6 Ne7 48. Rd8 Kh7 49. Rxg8 Kxg8 50. Nd4 Kf7 51. Kg2 Ng6 52. Kg3 Ne7 53. h4 h5 54. Nf3 Nc6 55. Nd2 Nd4 56. Kf2 Ke6 57. Ke3 Nc6 58. Nf3 Na5 59. Nd4+ Kd7 60. Kd2 Ke7 61. Nxf5+ Kf7 62. Nd4 Ke7 63. f5 1-0

[Event "Tarragona Calbet Memorial"]
[Site "Tarragona"]
[Date "2013.06.01"]
[Round "8"]
[White "Terreu Serra, Francesco"]
[Black "Garustovich Ramirez, Nicolas"]
[Result "1-0"]
[WhiteElo "1936"]
[BlackElo "1844"]
[PlyCount "35"]
[EventDate "2013.04.13"]
[EventType "swiss"]
[EventRounds "8"]
[EventCountry "ESP"]
[SourceTitle "EXT 2014"]
[Source "ChessBase"]
[SourceDate "2013.11.20"]
[SourceVersion "1"]
[SourceVersionDate "2013.11.20"]
[SourceQuality "1"]

1. d4 e6 2. Nf3 Nf6 3. e3 d6 4. Bd3 Nbd7 5. 0-0 Be7 6. e4 0-0 7. c4 Re8 8. Nc3 Nf8 9. Qe2 N6d7 10. b3 Ng6 11. e5 Ngf8 12. Bb2 Kh8 13. Rad1 f5 14. exf6 Bxf6 15. Ne4 Be7 16. Ng3 Nf6 17. Ng5 Ng8 18. Nf7# 1-0

[Event "Tarragona Calbet Memorial"]
[Site "Tarragona"]
[Date "2013.05.25"]
[Round "7"]
[White "Garustovich Ramirez, Nicolas"]
[Black "Fernandez Alonso, Miquel Angel"]
[Result "0-1"]
[WhiteElo "1844"]
[BlackElo "2119"]
[PlyCount "86"]
[EventDate "2013.04.13"]
[EventType "swiss"]
[EventRounds "8"]
[EventCountry "ESP"]
[SourceTitle "EXT 2014"]
[Source "ChessBase"]
[SourceDate "2013.11.20"]
[SourceVersion "1"]
[SourceVersionDate "2013.11.20"]
[SourceQuality "1"]

1. e4 c5 2. g3 Nc6 3. Bg2 g6 4. Ne2 Bg7 5. c3 e5 6. d3 Nge7 7. 0-0 0-0 8. Be3 d6 9. Nd2 f5 10. f4 Rb8 11. Kh1 b6 12. Qa4 Qc7 13. Rac1 Bd7 14. Qd1 Kh8 15. b3 Rbe8 16. b4 Ng8 17. b5 Nce7 18. a4 Nf6 19. h3 Bc8 20. fxe5 dxe5 21. Kh2 Bb7 22. Bg5 h6 23. Bxf6 Rxf6 24. Rf2 Rd8 25. d4 exd4 26. cxd4 fxe4 27. Rxf6 Bxf6 28. Nxe4 Bxe4 29. Bxe4 Qd6 30. Qf1 cxd4 31. Bxg6 Bg5 32. Nf4 Bxf4 33. gxf4 Nxg6 34. Kg3 Nxf4 35. Qxf4 Rg8+ 36. Kf3 Rf8 37. Qxf8+ Qxf8+ 38. Ke4 Qf2 39. Rc8+ Kg7 40. Rc7+ Kf6 41. Rxa7 Qe3+ 42. Kd5 d3 43. Ra6 d2 0-1

[Event "Tarragona Province-ch Seniors"]
[Site "Cambrils"]
[Date "2013.03.14"]
[Round "7"]
[White "Garustovich Ramirez, Nicolas"]
[Black "Figueras Perez, Robert"]
[Result "1/2-1/2"]
[WhiteElo "1824"]
[BlackElo "1725"]
[PlyCount "67"]
[EventDate "2013.01.31"]
[EventType "swiss"]
[EventRounds "8"]
[EventCountry "ESP"]
[SourceTitle "EXT 2017"]
[Source "ChessBase"]
[SourceDate "2016.10.25"]
[SourceVersion "1"]
[SourceVersionDate "2016.10.25"]
[SourceQuality "1"]

1. e4 Nf6 2. Nc3 e5 3. d3 d6 4. h3 Be7 5. Be2 Nc6 6. Nf3 h6 7. Be3 Be6 8. a3 Qd7 9. Qd2 a6 10. d4 exd4 11. Nxd4 Nxd4 12. Bxd4 0-0-0 13. f4 Qc6 14. Bf3 d5 15. Bxf6 Bxf6 16. e5 Bh4+ 17. Kd1 f6 18. Bg4 fxe5 19. fxe5 Bxg4+ 20. hxg4 Bg5 21. Qd3 Kb8 22. Rf1 Qe6 23. Qf5 Rhe8 24. Re1 Re7 25. g3 Rde8 26. a4 Qd6 27. e6 Rxe6 28. Rxe6 Rxe6 29. Ra3 Qe7 30. Qf1 d4 31. Ne2 Re3 32. Rb3 Rxb3 33. cxb3 Qe3 34. Qf8+ 1/2-1/2

[Event "Tarragona Province-ch 45th"]
[Site "Tarragona"]
[Date "2002.11.24"]
[Round "8"]
[White "Garustovich Ramirez, Nicolas"]
[Black "Reig Pinol, Armand"]
[Result "1-0"]
[WhiteElo "1985"]
[BlackElo "2102"]
[PlyCount "67"]
[EventDate "2002.11.02"]
[EventType "swiss"]
[EventRounds "8"]
[EventCountry "ESP"]
[SourceTitle "CBM 091 Extra"]
[Source "ChessBase"]
[SourceDate "2003.01.09"]
[SourceVersion "1"]
[SourceVersionDate "2003.01.09"]
[SourceQuality "1"]

1. e4 d6 2. Nc3 g6 3. Nf3 Bg7 4. d4 Nf6 5. Bd3 0-0 6. 0-0 Nc6 7. Ne2 Bg4 8. c3 Bxf3 9. gxf3 e5 10. d5 Ne7 11. Kh1 Nh5 12. Rg1 f5 13. Qf1 f4 14. Qh3 Kh8 15. Bd2 Bf6 16. c4 Ng7 17. Bc3 g5 18. Rg4 Ng6 19. Ng1 Nh4 20. Ne2 Qc8 21. Rag1 h5 22. Rxh4 gxh4 23. Qg2 Qe8 24. Nxf4 Kh7 25. Ng6 Rg8 26. f4 Qf7 27. f5 Ne8 28. Qf3 Ng7 29. Bd2 Rh8 30. Be2 Rag8 31. Qe3 Nxf5 32. exf5 Bg7 33. Qg5 Re8 34. Bxh5 1-0